Quiz memes Kpop - Statistiques

Statistiques générales
  • Ce quiz a été pris 220 fois
  • Le résultat moyen est 20 sur 28
Statistiques - réponses
Par images Réponse % Correct
Bangchan
97%
Felix
96%
Jennie
96%
Jimin
96%
JYP
94%
Jungkook
90%
Suga
88%
Yeonjun
87%
Jay
83%
Sunoo
83%
Soobin
81%
Nayeon
80%
J-Hope
79%
Jungwon
78%
Momo
73%
Chaewon
72%
Jake
71%
Wooyoung
69%
Keeho
67%
Sunghoon
67%
Hongjoong
59%
Jackson Wang
57%
Dahyun
51%
Matthew
44%
Haewon
42%
Haechan
36%
Jungwoo
30%
Jonghyun
28%
Aucun quiz correspondant
Distribution des résultats
% des personnes avec chaque résultat
Percentile par nombre de réponses
Votre historique - résultats
Vous n’avez pas pris ce quiz